[Event "AUS-ch"]
[Site "Melbourne"]
[Date "2014.01.05"]
[Round "6"]
[White "Pyke, Malcolm"]
[Black "Michaille, Laurent"]
[Result "1-0"]
[WhiteElo "2123"]
[BlackElo "2115"]
[PlyCount "85"]
[EventDate "2014.01.02"]
[EventType "swiss"]
[EventRounds "11"]
[EventCountry "AUS"]
[SourceTitle "CBM 158 Extra"]
[Source "ChessBase"]
[SourceDate "2014.02.28"]
[SourceVersion "1"]
[SourceVersionDate "2014.02.28"]
[SourceQuality "1"]

1. d4 Nf6 2. c4 e6 3. g3 Bb4+ 4. Bd2 Be7 5. Bg2 d5 6. Nf3 0-0 7. 0-0 c6 8. Qc2 b6 9. Bg5 Nbd7 10. Nbd2 Bb7 11. e4 h6 12. Bf4 g5 13. Be3 Ng4 14. cxd5 exd5 15. e5 Kh8 16. Qf5 Nxe3 17. fxe3 Bc8 18. Qc2 c5 19. Rfc1 Rg8 20. Ne1 Nf8 21. Nd3 Ne6 22. dxc5 bxc5 23. Kh1 Ba6 24. Nf2 Rb8 25. Ng4 Rg6 26. Nb3 d4 27. exd4 cxd4 28. Qf5 Kg7 29. Rf1 Bxf1 30. Rxf1 Qe8 31. Be4 h5 32. Nf2 Qb5 33. Nd3 Rf8 34. Qf2 Rh6 35. Nxd4 Nxd4 36. Qxd4 Rd8 37. Qxa7 Qc4 38. Re1 Re6 39. b3 Qc3 40. Qe3 Ra6 41. Rc1 Qd4 42. Qf3 Rxa2 43. Qf5 1-0